| Tag |
First Indicator |
Second Indicator |
Subfields |
| LEADER |
00000pam a2200000 a 4500 |
| 001 |
in00000049884 |
| 005 |
20151007075854.0 |
| 008 |
790202s1979 nyua j 00011 engm |
| 010 |
|
|
|a 79001494
|
| 020 |
|
|
|a 0030483212 (lib. bdg.) :
|c $5.95
|
| 035 |
|
|
|a (OCoLC)04776830
|
| 035 |
|
|
|9 AAF3929AM
|
| 040 |
|
|
|a DLC
|c DLC
|d TXA
|d UtOrBLW
|
| 049 |
|
|
|a [Curr Col] TXAM
|c [388388]
|
| 050 |
0 |
0 |
|a PZ7 S6545
|b My
|
| 082 |
0 |
|
|a [E]
|
| 100 |
1 |
|
|a Smith, Lucia B.
|
| 245 |
1 |
0 |
|a My mom got a job /
|c by Lucia B. Smith ; illustrated by C. Christina Johanson.
|
| 264 |
|
1 |
|a New York :
|b Holt, Rinehart and Winston,
|c [1979]
|
| 264 |
|
4 |
|c ©1979
|
| 300 |
|
|
|a 32 unnumbered pages :
|b illustrations ;
|c 24 cm.
|
| 336 |
|
|
|a text
|b txt
|2 rdacontent
|
| 337 |
|
|
|a unmediated
|b n
|2 rdamedia
|
| 338 |
|
|
|a volume
|b nc
|2 rdacarrier
|
| 520 |
|
|
|a A young girl describes the changes in her life since her mother got a job.
|
| 650 |
|
1 |
|a Mothers
|x Employment
|x Fiction.
|
| 650 |
|
1 |
|a Family life
|x Fiction.
|
| 700 |
1 |
|
|a Johanson, C. Christina.
|
| 999 |
|
|
|a MARS
|
| 999 |
f |
f |
|s c3dd4814-7693-327f-b93f-816002a121af
|i d760a684-be34-323a-973e-2dd1ae2c5993
|t 0
|
| 952 |
f |
f |
|p normal
|a Texas A&M University
|b College Station
|c Sterling C. Evans Library
|d Evans: Curriculum Collection (4th floor)
|t 0
|e PZ7 S6545 My
|h Library of Congress classification
|i unmediated -- volume
|m A14805945317
|
| 998 |
f |
f |
|a PZ7 S6545 My
|t 0
|l Evans: Curriculum Collection (4th floor)
|